CLT Direct Flights - Statistics

General Stats
  • This quiz has been taken 9 times
    8 since last reset
  • The average score is 141 of 193
Answers on the Map
Answers color-coded by a green-red scale on the quiz's map according to % correct below.
 
Answer Stats
Answer % Correct
Akron-Canton
100%
Albany
100%
Athens
100%
Baltimore/Washington D.C.
100%
Bermuda
100%
Boston
100%
Calgary
100%
Chicago O'Hare
100%
Columbus
100%
Dallas-Fort Worth
100%
Denver
100%
Detroit
100%
Dublin
100%
Frankfurt
100%
Greenville NC
100%
Houston Hobby
100%
London
100%
Los Angeles
100%
Madrid
100%
Melbourne/Orlando
100%
Mexico City
100%
Miami
100%
Milwaukee
100%
Minneapolis-St. Paul
100%
Munich
100%
Newark-New York
100%
New York City JFK
100%
New York City LGA
100%
Oklahoma City
100%
Orlando
100%
Paris
100%
Philadelphia
100%
Pittsburgh
100%
Portland ME
100%
Portland OR
100%
Rome-Fiumicino
100%
Sacramento
100%
San Antonio
100%
San Diego
100%
San Francisco
100%
Seattle-Tacoma
100%
Springfield-Branson
100%
Toronto
100%
Vancouver
100%
Washington Dulles
100%
Washington Reagan
100%
Abu Dhabi
80%
Albuquerque
80%
Aruba
80%
Aspen
80%
Augusta
80%
Austin
80%
Bangor
80%
Baton Rouge
80%
Belize City
80%
Birmingham
80%
Buffalo/Niagara Falls
80%
Cancún
80%
Cedar Rapids/Iowa City
80%
Charleston SC
80%
Charlottesville
80%
Chattanooga
80%
Chicago Midway
80%
Cincinnati/Northern Kentucky
80%
Cleveland
80%
Columbia
80%
Dallas Love Field
80%
Dayton
80%
Des Moines
80%
Erie
80%
Fort Lauderdale-Hollywood
80%
Fort Wayne
80%
Grand Rapids
80%
Harrisburg
80%
Hartford
80%
Houston Bush
80%
Huntington
80%
Huntsville
80%
Indianapolis
80%
Jackson MS
80%
Jacksonville FL
80%
Jackson WY
80%
Kansas City
80%
Key West
80%
Las Vegas
80%
Lehigh Valley
80%
Lexington
80%
Little Rock
80%
Louisville
80%
Madison
80%
Manchester-Boston
80%
Memphis
80%
Mobile
80%
Montréal
80%
Nashville
80%
Nassau
80%
New Orleans
80%
Newport News-Williamsburg
80%
Norfolk
80%
Omaha
80%
Ontario
80%
Palm Beach
80%
Panama City
80%
Phoenix
80%
Piedmont Triad
80%
Providence
80%
Punta Cana
80%
Raleigh-Durham
80%
Richmond
80%
Rochester
80%
Salt Lake City
80%
San Juan
80%
Savannah/Hilton Head
80%
St. Louis
80%
St. Vincent
80%
Syracuse
80%
Tallahassee
80%
Tampa
80%
Tri-Cities
80%
Tulsa
80%
Wilkes-Barre/Scranton
80%
Wilmington
80%
Antigua
60%
Asheville
60%
Atlanta
60%
Beckley
60%
Bozeman
60%
Bridgetown
60%
Burlington
60%
Charleston WV
60%
Curaçao
60%
Destin-Fort Walton Beach
60%
Evansville
60%
Fort Myers
60%
Grand Cayman
60%
Green Bay
60%
Greenville-Spartanburg
60%
Grenada
60%
Guadalajara
60%
Hilton Head Island
60%
Jacksonville NC
60%
Knoxville
60%
Lafayette
60%
Los Cabos
60%
Montego Bay
60%
Montgomery
60%
Myrtle Beach
60%
Nantucket
60%
Northwest Arkansas
60%
Pensacola
60%
Peoria
60%
Quad Cities
60%
Québec City
60%
San José
60%
Santa Ana
60%
Sarasota-Bradenton
60%
Sint Maarten
60%
South Bend
60%
St. Kitts
60%
St. Thomas
60%
Westchester County
60%
Altoona
40%
Appleton
40%
Clarksburg
40%
Cozumel
40%
Daytona Beach
40%
Fayetteville
40%
Freeport
40%
Gainesville
40%
George Town
40%
Gulfport-Biloxi
40%
Liberia
40%
Martha's Vineyard
40%
Muscle Shoals/Florence
40%
New Bern
40%
North Eleuthera
40%
Paducah
40%
Providenciales
40%
Puerto Plata
40%
Rapid City
40%
Roanoke-Blacksburg
40%
Shreveport
40%
St. Croix
40%
St. Lucia
40%
Traverse City
40%
Vail
40%
Florence SC
20%
Lewisburg
20%
Lynchburg
20%
Marsh Harbour
20%
Salisbury-Ocean City
20%
Staunton
20%
Governor's Harbour
0%
No matching quizzes found
Score Distribution
Percent of People with Each Score
Percentile by Number Answered
Your Score History
You have not taken this quiz since the last reset